000 00423nam a2200169Ia 4500
008 180921t2017 xxu||||| |||| 00| 0 sin d
041 _asin
080 _a070
_bDES
100 _aDe Silva, D.C.
245 _aවෙහෙස නිවන කතා
246 _aWehesa Niwana Katha
260 _bGodage
_aColombo
_c2017
300 _b104p, 22cm
942 _cBK
999 _c1288
_d1288
003 LK-CoDNM
040 _aLK-CoDNM
_dLK-CoDNM
_eLK-CoDNM